000 00793nam a2200229 a 4500
001 000003354
005 20240307073941.0
008 090708s2009 dr a 000 0 spa d
020 _a9789993425861
040 _aDO-SdBNP
_bspa
_cBNPHU
082 _a612.0078
_bC257f
100 1 _aCaraballo Garó, Rut M.
_910510
245 1 0 _aFisiología humana II :
_bmanual de prácticas /
_cRut M. Caraballo Garó, Mariano Estrada, Ginny Marmolejos.
260 _aSanto Domingo :
_bINTEC,
_c2009.
300 _a60 p. :
_bil. ;
_c28 cm.
504 _aIncluye bibliografías (p. 60 )
650 4 _aFisiología humana
_vMANUALES DE LABORATORIO
_910511
700 1 _aEstrada, Mariano
_910512
700 1 _aMarmolejos, Ginny
_910513
049 _aBNPD
710 2 _aInstituto Tecnológico de Santo Domingo
_978911
999 _c3185
_d3185